| 000 | 00626cam a2200157 i 4500 | ||
|---|---|---|---|
| 005 | 20251224100715.0 | ||
| 008 | 250721s1999 xx gr 000 0 ara d | ||
| 082 | 1 | 4 |
_a218.52 _bع ا م |
| 100 | 1 |
_aبني عامر، محمد أمين حسن محمد _eمعد. |
|
| 245 | 1 | 0 |
_aاساليب الدعوة والارشاد : _bالدعوة - الداعية - المدعو / _cإعداد الدكتور محمد أمين حسن محمد بني عامر. |
| 264 | 3 | 1 |
_aعمان : _b[غير معرف]، _c1999. |
| 300 | _a404 صفحة. | ||
| 650 | 1 | 7 | _aالدعوة الاسلامية. |
| 942 |
_2ddc _cBK |
||
| 999 |
_c50300 _d50300 |
||